| 000 | 01193cam a22003015a 4500 | ||
|---|---|---|---|
| 001 | 016508767 | ||
| 003 | OSt | ||
| 005 | 20150623095305.0 | ||
| 008 | 130820t2013 enkadk frbf 001 0 eng d | ||
| 020 | _a9781781951811 (hbk.) | ||
| 020 | _a9781781951828 (ebook) | ||
| 040 |
_aStDuBDS _beng _cStDuBDS _dEG-ScBUE |
||
| 082 | 0 | 4 |
_a658.421 _bHAN _222 |
| 245 | 0 | 0 |
_aHandbook of research on techno-entrepreneurship : _bhow technology and entrepreneurship are shaping the development of industries and companies / _cedited by François Thérin. |
| 250 | _a2nd ed. | ||
| 260 |
_aCheltenham ; _aNorthampton : _bEdward Elgar, _cc.2013 _e(Padstow, United Kingdom : _fT. J. International Ltd.) |
||
| 300 |
_axii. 384 p. : _bcharts, forms, tables ; _c23 cm. |
||
| 500 | _aIndex : p. 369-384. | ||
| 504 | _aIncludes bibliographical references. | ||
| 650 | 0 |
_aHigh technology industries _xManagement _933836 _2BUEsh |
|
| 650 | 0 |
_aTechnological innovations _xManagement _2BUEsh _933837 |
|
| 650 | 0 |
_aEntrepreneurship. _2BUEsh |
|
| 651 | _2BUEsh | ||
| 653 |
_bENGGEN _bBUSADM _cMarch2014 _cJune2015 |
||
| 655 |
_vreading book _934232 |
||
| 700 | 1 |
_aThérin, François, _eeditor. _935715 |
|
| 942 |
_2ddc _k658.421 HAN |
||
| 999 |
_c18135 _d18107 |
||